| 000 -LEADER |
| fixed length control field |
02796nam a22005297a 4500 |
| 001 - CONTROL NUMBER |
| control field |
871067936 |
| 003 - CONTROL NUMBER IDENTIFIER |
| control field |
OCoLC |
| 005 - DATE AND TIME OF LATEST TRANSACTION |
| control field |
20210419121954.0 |
| 006 - FIXED-LENGTH DATA ELEMENTS--ADDITIONAL MATERIAL CHARACTERISTICS |
| fixed length control field |
m o d |
| 007 - PHYSICAL DESCRIPTION FIXED FIELD--GENERAL INFORMATION |
| fixed length control field |
cr cnu---unuuu |
| 008 - FIXED-LENGTH DATA ELEMENTS--GENERAL INFORMATION |
| fixed length control field |
140227s2014 pau obf 001 0 eng d |
| 020 ## - INTERNATIONAL STANDARD BOOK NUMBER |
| International Standard Book Number |
9781455753598 |
| 020 ## - INTERNATIONAL STANDARD BOOK NUMBER |
| Canceled/invalid ISBN |
1455753599 |
| 035 ## - SYSTEM CONTROL NUMBER |
| System control number |
(OCoLC)871067936 |
| 040 ## - CATALOGING SOURCE |
| Original cataloging agency |
OPELS |
| Language of cataloging |
eng |
| Description conventions |
rda |
| -- |
pn |
| Transcribing agency |
OPELS |
| Modifying agency |
OPELS |
| 041 ## - LANGUAGE CODE |
| Language code of text/sound track or separate title |
eng |
| 049 ## - LOCAL HOLDINGS (OCLC) |
| Holding library |
YYEA |
| -- |
VZYM |
| 080 ## - UNIVERSAL DECIMAL CLASSIFICATION NUMBER |
| Universal Decimal Classification number |
616.6 |
| Item number |
P-41 |
| 096 ## - LOCALLY ASSIGNED NLM-TYPE CALL NUMBER (OCLC) |
| Classification number |
INTERNET LINK |
| 100 ## - MAIN ENTRY--PERSONAL NAME |
| 9 (RLIN) |
286 |
| Personal name |
Hanno, M. Philip |
| 245 00 - TITLE STATEMENT |
| Title |
Penn clinical manual of urology |
| Medium |
[electronic resource] / |
| Statement of responsibility, etc. |
[editied by] Philip M. Hanno, Thomas J. Guzzo, S. Bruce Malkowicz, Alan J. Wein. |
| 246 3# - VARYING FORM OF TITLE |
| Title proper/short title |
Clinical manual of urology. |
| 250 ## - EDITION STATEMENT |
| Edition statement |
2nd ed. |
| 260 ## - PUBLICATION, DISTRIBUTION, ETC. |
| Place of publication, distribution, etc. |
Philadelphia, PA : |
| Name of publisher, distributor, etc. |
Saunders/Elsevier, |
| Date of publication, distribution, etc. |
[2014] |
| 300 ## - PHYSICAL DESCRIPTION |
| Extent |
1 online resource (pages) 937 p. |
| 365 ## - TRADE PRICE |
| Price amount |
50.74 usd |
| 500 ## - GENERAL NOTE |
| General note |
EINSTEIN & MMC: available online via Clinical Key. See Reference staff for assistance. |
| 504 ## - BIBLIOGRAPHY, ETC. NOTE |
| Bibliography, etc. note |
Includes bibliographical references and index. |
| 520 ## - SUMMARY, ETC. |
| Summary, etc. |
Concise and practical, the Penn Clinical Manual of Urology is an indispensable guide to the daily practice of urology. This one-volume medical reference book presents the key clinical information you need to diagnose and treat urologic disorders quickly and effectively, featuring brief, well-illustrated chapters and an easy-to-read format. Essential for clinical questions and answers, the Penn Clinical Manual of Urology deserves a place on the bookshelf of not only every urologist, but every provider treating urologic problems. Find information quickly and easily with a format that includes clearly presented algorithms, tables, and figures. Effectively review for the boards using the self-assessment questions at the end of each chapter. |
| 588 ## - SOURCE OF DESCRIPTION NOTE |
| Source of description note |
Description based on print version record. |
| 650 12 - SUBJECT ADDED ENTRY--TOPICAL TERM |
| Topical term or geographic name entry element |
Female Urogenital Diseases. |
| 650 12 - SUBJECT ADDED ENTRY--TOPICAL TERM |
| Topical term or geographic name entry element |
Male Urogenital Diseases. |
| 650 22 - SUBJECT ADDED ENTRY--TOPICAL TERM |
| Topical term or geographic name entry element |
Urology |
| General subdivision |
methods. |
| 650 20 - SUBJECT ADDED ENTRY--TOPICAL TERM |
| Topical term or geographic name entry element |
Medicine |
| 9 (RLIN) |
69 |
| 653 ## - INDEX TERM--UNCONTROLLED |
| Uncontrolled term |
უროლოგია |
| 653 ## - INDEX TERM--UNCONTROLLED |
| Uncontrolled term |
მედიცინა |
| 655 #7 - INDEX TERM--GENRE/FORM |
| Genre/form data or focus term |
Electronic books. |
| 700 1# - ADDED ENTRY--PERSONAL NAME |
| Personal name |
Hanno, Philip M. |
| 700 1# - ADDED ENTRY--PERSONAL NAME |
| Personal name |
Guzzo, Thomas J. |
| 700 1# - ADDED ENTRY--PERSONAL NAME |
| Personal name |
Malkowicz, S. Bruce. |
| 700 1# - ADDED ENTRY--PERSONAL NAME |
| Personal name |
Wein, Alan J. |
| 710 2# - ADDED ENTRY--CORPORATE NAME |
| Corporate name or jurisdiction name as entry element |
Clinical Key (Online Service) |
| 776 08 - ADDITIONAL PHYSICAL FORM ENTRY |
| Relationship information |
Print version: |
| Title |
Penn clinical manual of urology. |
| Edition |
Second edition |
| International Standard Book Number |
9781455753598 |
| Record control number |
(DLC) 2013037152 |
| -- |
(OCoLC)858610934. |
| 856 40 - ELECTRONIC LOCATION AND ACCESS |
| Materials specified |
ClinicalKey |
| Uniform Resource Identifier |
<a href="https://elibrary.einsteinmed.org/login?URL=https://www.clinicalkey.com/dura/browse/bookChapter/3-s2.0-C20110697686">https://elibrary.einsteinmed.org/login?URL=https://www.clinicalkey.com/dura/browse/bookChapter/3-s2.0-C20110697686</a> |
| Public note |
EINSTEIN: Clinical Key ebook collection |
| 856 40 - ELECTRONIC LOCATION AND ACCESS |
| Materials specified |
ClinicalKey |
| Uniform Resource Identifier |
<a href="https://www.clinicalkey.com/dura/browse/bookChapter/3-s2.0-C20110697686">https://www.clinicalkey.com/dura/browse/bookChapter/3-s2.0-C20110697686</a> |
| Public note |
EINSTEIN: Clinical Key ebook collection |
| 942 ## - ADDED ENTRY ELEMENTS (KOHA) |
| Source of classification or shelving scheme |
|
| Koha item type |
Books |
| Edition |
2 |